Červený a purpurový Tibet

Slovensko na tri dni zachvátil ošiaľ menom dalajláma. Postoj politikov k jeho návšteve. Porovnanie kresťanstva a budhizmu.

Na minha lista:
Detalhes bibliográficos
Autor principal: Feik, Michal
Outros Autores: Svoreňová, Soňa
Formato: Capítulo de Livro
Idioma:eslovaco
Assuntos:
Tags: Adicionar Tag
Sem tags, seja o primeiro a adicionar uma tag!

MARC

LEADER 00000naa$a2200000$$$4500
001 0103220
005 20240502072124.7
041 0 |a slo 
044 |a SK 
245 1 0 |a Červený a purpurový Tibet  |c Michal Feik, Soňa Svoreňová 
520 |a Slovensko na tri dni zachvátil ošiaľ menom dalajláma. Postoj politikov k jeho návšteve. Porovnanie kresťanstva a budhizmu. 
610 2 0 |a Čína 
610 2 0 |a Tibet 
610 2 0 |a náboženstvo 
100 1 |a Feik, Michal 
700 1 |a Svoreňová, Soňa